| 000 | 01078 a2200229 4500 | ||
|---|---|---|---|
| 005 | 2008091200170.0 | ||
| 008 | 080912t xxu||||| |||| 00| 0 hin d | ||
| 010 | _aHIN-80670 | ||
| 020 |
_a818922817x _c360.00 |
||
| 035 | _aHN-53016 | ||
| 037 | _bD.B.Act / pub | ||
| 082 | _a370 | ||
| 100 | _aबायती, जमनालाल | ||
| 245 |
_aउच्चतर शिक्षाशास्त्र _cजमनालाल बायती |
||
| 246 |
_aUchchatar Sikshashastra _bby Jamana Lal Bayati |
||
| 260 |
_aजयपुर _bरचना प्रकाशन _c2006 |
||
| 270 |
_a57,नाटाणी भवन,मिश्रराजाजी का रास्ता,चांदपोल बाजार _bजयपुर _e302001 |
||
| 300 |
_a240पृ _c22 सेमी (सजिल्द) |
||
| 650 | _aEducation | ||
| 942 |
_adpl _cHN _k370/ बायती _2ddc _h370 _m बायती |
||
| 999 |
_c6797 _d6797 |
||